00637nam a2200229 a 4500001001300000003000900013005001700022008004100039020001000080082001700090100001600107245003100123260002700154300000900181500003500190650001800225700001600243902000800259942000700267952011800274999001500392nice12345678IN_TiNIC20260116012639.0070801s1977 mada grp 000 0 eng  ac10000a270.82bTHO2 aThomas, M M aSome Theological Dialogues aMadras bNo Pub c1977 a157p aincludes index and biblioraphy aEcumenicalism1 aThomas, M M bSRS cBK 001040708StackRoom-aHMIbHMId2007-08-01g100.00l0o270.82 THO2p010193r2007-08-01v100.00w2007-08-01yBK c7792d7792